ბათუმის შოთა რუსთაველის სახელმწიფო უნივერსიტეტის ბიბლიოთეკა

ბიბლიოგრაფია "რუსეთ–საქართველოს მეგობრული ურთიერთობანი". 1964 – 2008. (ბიბ.ჩანაწერი № 40715)

000 -LEADER
fixed length control field 00975nam a2200205Ia 4500
001 - CONTROL NUMBER
control field 7352
003 - CONTROL NUMBER IDENTIFIER
control field GE_BSU
008 - FIXED-LENGTH DATA ELEMENTS--GENERAL INFORMATION
fixed length control field 181216s||||||||xx |||||||||||||| ||und||
040 ## - CATALOGING SOURCE
Transcribing agency GE_BSU
080 ## - UNIVERSAL DECIMAL CLASSIFICATION NUMBER
Universal Decimal Classification number 01
100 ## - MAIN ENTRY--PERSONAL NAME
Personal name სურმანიძე რამაზ
245 ## - TITLE STATEMENT
Title ბიბლიოგრაფია "რუსეთ–საქართველოს მეგობრული ურთიერთობანი". 1964 – 2008.
245 ## - TITLE STATEMENT
Remainder of title Библиография "русско-грузинские дружеские связи
245 ## - TITLE STATEMENT
Statement of responsibility, etc. რამაზ სურმანიძე; რედ.: ოთარ გოგოლიშვილი.
260 ## - PUBLICATION, DISTRIBUTION, ETC.
Place of publication, distribution, etc. ბათუმი.
260 ## - PUBLICATION, DISTRIBUTION, ETC.
Date of publication, distribution, etc. 2009.
300 ## - PHYSICAL DESCRIPTION
Extent 256 გვ.; ილ.; 21 სმ.
653 ## - INDEX TERM--UNCONTROLLED
Uncontrolled term ბიბლიოგრაფია "რუსეთ–საქართველოს მეგობრული ურთიერთობანი". 1964 – 2008.
942 ## - ADDED ENTRY ELEMENTS (KOHA)
Koha item type წიგნი
ეგზემპლარები
Withdrawn status Lost status Damaged status Not for loan Date acquired Barcode Date last seen Price effective from Koha item type
        2018-12-17 18675 2018-12-17 2018-12-17 წიგნი